| 000 | 00473nam a22002057a 4500 | ||
|---|---|---|---|
| 001 | 21546 | ||
| 005 | 20260312101151.0 | ||
| 008 | 260312b |||||||| |||| 00| 0 spa d | ||
| 041 | _aESP | ||
| 082 |
_a621.317 _bF59 |
||
| 100 | _aFloyd, Thomas L. | ||
| 245 | _aPrincipios de circuitos eléctricos | ||
| 260 |
_a : _b , _c2007 |
||
| 300 |
_a68 páginas : _b ; _c90 cm. |
||
| 440 | _a ; | ||
| 650 | _aTCA | ||
| 654 | _aCII | ||
| 700 | _a; | ||
| 942 |
_cLIB _dJUS _fJUS _2ddc |
||
| 999 |
_c21546 _d21546 |
||